Statystyki dla Quiz o Kubie

Kliknij tutaj aby rozwiązać quiz!

Ogólne statystyki

  • Ten quiz został rozwiązany 59 razy
  • Średni wynik to 10 z 22

Statystyki odpowiedzi

WskazówkaOdpowiedź% Poprawnych
StolicaHawana
98%
Język urzędowyhiszpański
92%
Morze graniczące z KubąMorze {Karaibskie}
84%
WalutaPeso
78%
... i zatokaZatoka {Meksykańska}
72%
Lider kubańskiej rewolucjiFidel Castro
66%
Najpopularniejszy sportBaseball
64%
Koktajl z rumu, limonki i miętyMojito
56%
Zostało to zniesione w 1886 rokuNiewolnictwo
56%
Kuba jest częścią tej grupy wyspWielkie Antyle
54%
Miejsce nieudanej
inwazji planowanej przez USA
Zatoka {Świń}
54%
Noszący beret marksistowski rewolucjonistaChe Guevara
50%
Z tej rośliny wytwarza się rumTrzcina cukrowa
36%
Kryzys zimnej wojny w 1962 r.Kryzys kubański
28%
Taniec spopularyzowany przez Péreza Prado
(wskazówka: zaczyna się na M)
Mambo
24%
Drugie najludniejsze miastoSantiago de Cuba
20%
Partia polityczna kontrolująca KubęKomunizm
14%
Najbardziej znany kabaret i klub nocny
(wskazówka: zaczyna się na T)
Tropicana
14%
Dyktator obalony w 1959 rokuFulgencio Batista
10%
Największy plac publicznyRevolution Plaza Havana
10%
Najbardziej znany produkt eksportowy KubyCigars
8%
Baza marynarki wojennej USA na KubieWięzienie Guantanamo
8%

Rozkład punktacji

Percentyl według liczby udzielonych odpowiedzi

Procent ludzi z każdym wynikiem

Twoja historia wyników

Nie rozwiązałeś tego quizu